[Event "British Chess Championships 2023: First Blitz U1600"]
[Site "The Venue, De Montfort University, 20 Western Boulevard, Leicester, LE2 7BU"]
[Date "2023.07.20"]
[Round "1"]
[Board "1"]
[White "Riggs, Samuel"]
[Black "Adams, Andrew"]
[Result "0-1"]
[WhiteElo "1425"]
[BlackElo "1586"]
[PlyCount "0"]
[EventDate "2023.07.20"]
[EventRounds "9"]
[EventCountry "ENG"]

1. e4 e5 2. Nf3 Nc6 3. Nc3 Nf6 4. d4 exd4 5. Nxd4 Nxd4 6. Qxd4 b6 7. f3 Bc5 8. Qd3
O-O 9. Be3 d6 10. O-O-O a5 11. g4 Ba6 12. Qd2 Bxf1 13. Rdxf1 Qe7 14. h4 Rfd8 15.
h5 Bxe3 16. Qxe3 d5 17. Rd1 c5 18. g5 d4 19. gxf6 Qxf6 20. Qg1 dxc3 21. Rxd8+ Rxd8
22. h6 g6 23. Qe1 cxb2+ 24. Kb1 Qd4 25. Qe2 c4 26. e5 Re8 27. Rd1 Qc5 28. e6 Kf8
29. Qd2 Rxe6 30. Qd8+ Re8 31. Qd6+ Qxd6 32. Rxd6 c3 33. Rxb6 Re1#  0-1

[Event "British Chess Championships 2023: First Blitz U1600"]
[Site "The Venue, De Montfort University, 20 Western Boulevard, Leicester, LE2 7BU"]
[Date "2023.07.20"]
[Round "1"]
[Board "2"]
[White "Seet, Joshua"]
[Black "Ryan, John"]
[Result "1-0"]
[WhiteElo "1569"]
[BlackElo "1425"]
[PlyCount "0"]
[EventDate "2023.07.20"]
[EventRounds "9"]
[EventCountry "ENG"]

1. d4 b6 2. c4 Bb7 3. Nc3 d6 4. e4 e6 5. Be3 Nd7 6. Nf3 Ngf6 7. d5 exd5 8. cxd5 Be7
9. Bc4 O-O 10. O-O c5 11. dxc6 Bxc6 12. Bd5 Nxd5 13. Nxd5 Nf6 14. Qd3 Nxd5 15. exd5
Bd7 16. Nd4 Rc8 17. Rac1 Bf6 18. b3 Re8 19. Nc6 Bxc6 20. dxc6 Re7 21. b4 Rec7 22.
b5 d5 23. Rfd1 h6 24. Qxd5 Qe8 25. h3 Rd8 26. Qb3 Rxd1+ 27. Rxd1 Qc8 28. Bf4 Re7
29. c7 Re8 30. Qg3  1-0

[Event "British Chess Championships 2023: First Blitz U1600"]
[Site "The Venue, De Montfort University, 20 Western Boulevard, Leicester, LE2 7BU"]
[Date "2023.07.20"]
[Round "1"]
[Board "3"]
[White "Patel, Diah"]
[Black "Clare, Philip"]
[Result "1-0"]
[WhiteElo "1406"]
[BlackElo "1502"]
[PlyCount "0"]
[EventDate "2023.07.20"]
[EventRounds "9"]
[EventCountry "ENG"]

1. e4 c5 2. Nc3 Nc6 3. g3 e6 4. Bg2 Nge7 5. f4 g6 6. Nf3 Bg7 7. d3 d5 8. e5 O-O 9.
O-O d4 10. Ne2 Nf5 11. g4 Ne3 12. Bxe3 dxe3 13. Nc3 b6 14. Qe2 Nd4 15. Nxd4 cxd4
16. Nd1 Rb8 17. c3 dxc3 18. Nxc3 Qd4 19. Nb5 Qc5 20. Nxa7 Ba6 21. a4 Rbd8 22. Nc6
Rxd3 23. Rfc1 Rd1+ 24. Qxd1 e2+ 25. Rxc5 exd1=Q+ 26. Rxd1 Be2 27. Re1 Bxg4 28. Rc3
Rc8 29. Ne7+  1-0

[Event "British Chess Championships 2023: First Blitz U1600"]
[Site "The Venue, De Montfort University, 20 Western Boulevard, Leicester, LE2 7BU"]
[Date "2023.07.20"]
[Round "1"]
[Board "4"]
[White "Boztas, Lana"]
[Black "Ewart, Thomas"]
[Result "1-0"]
[WhiteElo "1478"]
[BlackElo "1293"]
[PlyCount "0"]
[EventDate "2023.07.20"]
[EventRounds "9"]
[EventCountry "ENG"]

1. c4 e5 2. Nc3 Nf6 3. d3 d5 4. cxd5 Nxd5 5. g3 Bb4 6. Bd2 Nxc3 7. bxc3 Bd6 8. Bg2
Nc6 9. Nf3 Bf5 10. O-O O-O 11. Qb3 Na5 12. Qc2 c5 13. e4 Bg4 14. Rab1 b6 15. a4 Bxf3
16. Bxf3 f5 17. exf5 Rxf5 18. Bxa8 Qxa8 19. d4 cxd4 20. Qxf5 Nc4 21. Qe6+ Kh8 22.
Qxc4 dxc3 23. Bxc3 Qf8 24. Rbc1 h6 25. Bb2 Qf6 26. Rcd1 Be7 27. Qd5 Kh7 28. Bxe5
Qf8 29. Qe4+ Kh8 30. Rd7 Bf6 31. Bxf6 Qxf6 32. Qe7 Qxe7 33. Rxe7 a5 34. Rb7 Kh7 35.
Rxb6 Kg8 36. Rd1 Kf7 37. Rd7+ Kg8 38. Rbb7 Kh8 39. Rxg7 h5 40. Rgc7 h4 41. Rc8#  1-0

[Event "British Chess Championships 2023: First Blitz U1600"]
[Site "The Venue, De Montfort University, 20 Western Boulevard, Leicester, LE2 7BU"]
[Date "2023.07.20"]
[Round "1"]
[Board "5"]
[White "Ovens, James A"]
[Black "Gelder, Stephanie"]
[Result "1-0"]
[WhiteElo "1234"]
[BlackElo "1441"]
[PlyCount "0"]
[EventDate "2023.07.20"]
[EventRounds "9"]
[EventCountry "ENG"]

1. b3 d5 2. e3 Nc6 3. Bb2 e6 4. Bb5 Bd7 5. Bxc6 Bxc6 6. Nf3 Nf6 7. d3 Bd6 8. Nbd2
h6 9. O-O O-O 10. e4 dxe4 11. Bxf6 Qxf6 12. Nxe4 Bxe4 13. dxe4 Rad8 14. Re1 Bxh2+
15. Kxh2 Rxd1 16. Raxd1 Rd8 17. e5 Qe7 18. Rc1 Qc5 19. Re4 Qxf2 20. Rg4 h5 21. Rg3
Qb6 22. c4 a5 23. c5 Qa6 24. Ng5 Rd2 25. Re1 Rxa2 26. Rd1 a4 27. Rd8#  1-0

[Event "British Chess Championships 2023: First Blitz U1600"]
[Site "The Venue, De Montfort University, 20 Western Boulevard, Leicester, LE2 7BU"]
[Date "2023.07.20"]
[Round "2"]
[Board "1"]
[White "Adams, Andrew"]
[Black "Patel, Diah"]
[Result "1-0"]
[WhiteElo "1586"]
[BlackElo "1406"]
[PlyCount "0"]
[EventDate "2023.07.20"]
[EventRounds "9"]
[EventCountry "ENG"]

1. e4 e5 2. Nf3 Nc6 3. Bc4 Nf6 4. Ng5 Bc5 5. d3 d5 6. exd5 Nxd5 7. O-O O-O 8. Qh5
h6 9. Ne4 Nf6 10. Nxf6+ Qxf6 11. Be3 Bxe3 12. fxe3 Qg5 13. Qxg5 hxg5 14. Nc3 a6 15.
Ne4 b5 16. Bd5 Bb7 17. Nxg5 Rab8 18. Bxf7+ Kh8 19. Bd5 Rxf1+ 20. Rxf1 Na5 21. Bxb7
Nxb7 22. Nf7+ Kh7 23. Nxe5 Re8 24. d4 c5 25. c3 cxd4 26. cxd4 Nd6 27. Rf4 g5 28.
Rg4 Rg8 29. h4 gxh4 30. Rxh4+ Kg7 31. Rg4+ Kf8 32. Nd7+ Kf7 33. Rxg8 Kxg8 34. Nb8
a5 35. Nc6 a4 36. Kf2 Nc4 37. b3 axb3 38. axb3 Nd2 39. b4 Ne4+ 40. Kf3 Nd2+ 41. Kf4
Nc4 42. e4 Nd6 43. e5 Nf7 44. d5 Kf8 45. e6 Nh6 46. Kg5 Ng8 47. d6 Ke8 48. Kg6  1-0

[Event "British Chess Championships 2023: First Blitz U1600"]
[Site "The Venue, De Montfort University, 20 Western Boulevard, Leicester, LE2 7BU"]
[Date "2023.07.20"]
[Round "2"]
[Board "2"]
[White "Ovens, James A"]
[Black "Seet, Joshua"]
[Result "0-1"]
[WhiteElo "1234"]
[BlackElo "1569"]
[PlyCount "0"]
[EventDate "2023.07.20"]
[EventRounds "9"]
[EventCountry "ENG"]

1. b3 d5 2. e3 Nf6 3. Bb2 c5 4. d4 cxd4 5. Bxd4 Nc6 6. Bb2 Bg4 7. Nf3 e6 8. Bb5 Bd6
9. h3 Bh5 10. g4 Bg6 11. Nd4 Qc7 12. Nd2 O-O 13. Qe2 Nxd4 14. exd4 Qxc2 15. Nf3 Bb4+
16. Kf1 Qc7 17. Rc1 Qb6 18. Kg2 Rac8 19. Rxc8 Rxc8 20. a3 Bd6 21. Bd3 Qxb3 22. Bxg6
hxg6 23. Rc1 Rxc1 24. Bxc1 Bxa3 25. Bxa3 Qxa3 26. Qc2 Qe7 27. Ng5 Ne8 28. Qd2 b5
29. f4 b4 30. Qf2 a5 31. Qh4 Nf6  0-1

[Event "British Chess Championships 2023: First Blitz U1600"]
[Site "The Venue, De Montfort University, 20 Western Boulevard, Leicester, LE2 7BU"]
[Date "2023.07.20"]
[Round "2"]
[Board "3"]
[White "Ewart, Samuel"]
[Black "Boztas, Lana"]
[Result "0-1"]
[WhiteElo "1086"]
[BlackElo "1478"]
[PlyCount "0"]
[EventDate "2023.07.20"]
[EventRounds "9"]
[EventCountry "ENG"]

1. d4 g6 2. c4 Bg7 3. Nf3 Nf6 4. Nc3 d6 5. Bg5 c6 6. e3 O-O 7. Bd3 Bg4 8. O-O Nbd7
9. h3 Bxf3 10. Qxf3 Qb6 11. Rab1 Rae8 12. Rfe1 Qa5 13. b4 Qxg5 14. e4 e5 15. dxe5
Nxe5 16. Qd1 Nh5 17. b5 c5 18. b6 a6 19. Nd5 Nf4 20. Nxf4 Qxf4 21. g3 Qf3 22. Qxf3
Nxf3+ 23. Kf1 Nxe1 24. Rxe1 f5 25. exf5 Rxe1+ 26. Kxe1 gxf5 27. Ke2 Bd4 28. h4 f4
29. g4 Re8+ 30. Kf1 f3 31. h5 Re7 32. g5 Re5 33. g6 hxg6 34. hxg6 Kg7 35. a4 Rh5
36. a5 Rh1#  0-1

[Event "British Chess Championships 2023: First Blitz U1600"]
[Site "The Venue, De Montfort University, 20 Western Boulevard, Leicester, LE2 7BU"]
[Date "2023.07.20"]
[Round "2"]
[Board "4"]
[White "Clare, Philip"]
[Black "Riggs, Samuel"]
[Result "0-1"]
[WhiteElo "1502"]
[BlackElo "1425"]
[PlyCount "0"]
[EventDate "2023.07.20"]
[EventRounds "9"]
[EventCountry "ENG"]

1. c4 Nf6 2. Nc3 g6 3. g3 Bg7 4. Bg2 O-O 5. e4 d6 6. Nge2 c5 7. O-O Nc6 8. d4 a6
9. d5 Na5 10. Be3 Nxc4 11. Qc1 Nxe3 12. Qxe3 b5 13. a3 Rb8 14. f4 Ng4 15. Qd2 e5
16. f5 Bh6 17. Qd1 Kh8 18. Kh1 a5 19. h3 Nf6 20. Ng1 b4 21. axb4 axb4 22. Nce2 Nh5
23. Nf3 gxf5 24. Nh4 f4 25. Nxf4 Nxf4 26. gxf4 Qxh4 27. Rf3 f5 28. Qe1 Qxe1+ 29.
Rxe1 fxe4 30. Rxe4 Bxf4 31. h4 Ra8 32. Re1 Ra2 33. Rf2 Bg3 34. Rxf8+ Kg7 35. Ref1
Bf4 36. Rxc8 Rxb2  0-1

[Event "British Chess Championships 2023: First Blitz U1600"]
[Site "The Venue, De Montfort University, 20 Western Boulevard, Leicester, LE2 7BU"]
[Date "2023.07.20"]
[Round "2"]
[Board "5"]
[White "Gelder, Stephanie"]
[Black "Ryan, John"]
[Result "1-0"]
[WhiteElo "1441"]
[BlackElo "1425"]
[PlyCount "0"]
[EventDate "2023.07.20"]
[EventRounds "9"]
[EventCountry "ENG"]

1. d4 d5 2. Nf3 b6 3. Bf4 Bb7 4. e3 e6 5. h3 Nf6 6. Bd3 Nbd7 7. O-O c5 8. dxc5 Nxc5
9. Bb5+ Ncd7 10. Ne5 a6 11. Bxd7+ Nxd7 12. Nxd7 Qxd7 13. Re1 Be7 14. Nc3 O-O 15.
Ne2 Rac8 16. c3 b5 17. Bg3 Rfd8 18. Rc1 h6 19. Qd3 Bf6 20. Nf4 e5 21. Nh5 Qe7 22.
Nxf6+ Qxf6 23. Red1 e4 24. Qe2 Qe7 25. a3 Rc6 26. Rd2 Rg6 27. Rcd1 Qe6 28. Bh4 Re8
29. Kh2 Qf5 30. Rf1 Qd7 31. f3 exf3 32. Rxf3 Qe6 33. Qf2 Rf8 34. Re2 Qe5+ 35. Bg3
Qe6 36. Rf4 Rg5 37. Bh4 Rh5 38. Re1 Qe5 39. g4 Rxh4  1-0

[Event "British Chess Championships 2023: First Blitz U1600"]
[Site "The Venue, De Montfort University, 20 Western Boulevard, Leicester, LE2 7BU"]
[Date "2023.07.20"]
[Round "3"]
[Board "1"]
[White "Seet, Joshua"]
[Black "Adams, Andrew"]
[Result "1-0"]
[WhiteElo "1569"]
[BlackElo "1586"]
[PlyCount "0"]
[EventDate "2023.07.20"]
[EventRounds "9"]
[EventCountry "ENG"]

1. d4 d5 2. c4 e6 3. Nc3 Nf6 4. cxd5 exd5 5. Bg5 c6 6. e3 Be7 7. Nf3 Bg4 8. Be2 h6
9. Bh4 Nbd7 10. O-O Qc7 11. Bg3 Bd6 12. Rc1 Bxg3 13. hxg3 h5 14. Nh2 Bxe2 15. Qxe2
O-O-O 16. b4 a6 17. a4 Kb8 18. b5 c5 19. bxa6 bxa6 20. Qxa6 Qa7 21. Rb1+ Ka8 22.
Qc6+  1-0

[Event "British Chess Championships 2023: First Blitz U1600"]
[Site "The Venue, De Montfort University, 20 Western Boulevard, Leicester, LE2 7BU"]
[Date "2023.07.20"]
[Round "3"]
[Board "2"]
[White "Boztas, Lana"]
[Black "Gelder, Stephanie"]
[Result "1/2-1/2"]
[WhiteElo "1478"]
[BlackElo "1441"]
[PlyCount "0"]
[EventDate "2023.07.20"]
[EventRounds "9"]
[EventCountry "ENG"]

1. c4 d5 2. cxd5 Qxd5 3. Nc3 Qd8 4. d3 c6 5. Nf3 Bf5 6. g3 e6 7. Bg2 Bc5 8. O-O Nf6
9. Bg5 h6 10. Bxf6 Qxf6 11. Rc1 Nd7 12. a3 Ne5 13. b4 Nxf3+ 14. Bxf3 Bb6 15. Ne4
Qd8 16. Nc5 a5 17. Nxb7 Qc7 18. Nc5 O-O 19. Nb3 axb4 20. Rxc6 Qa7 21. axb4 Bxf2+
22. Rxf2 Bg6 23. Qc2 Qa3 24. Rc4 Qa6 25. Bxa8 Rxa8 26. Rc7 Rd8 27. Kg2 e5 28. Rf3
e4 29. dxe4 Re8 30. Re3 Qb6 31. Rcc3 Qxb4 32. Nc1 Bxe4+ 33. Rxe4 Rxe4 34. Rc8+ Qf8
35. Rxf8+ Kxf8 36. Qxe4 g6 37. Nd3 h5 38. Nc5 Kg7 39. Qe5+ Kg8 40. Nd7 h4 41. gxh4
g5 42. hxg5 f6 43. Qxf6 Kh7 44. Nf8+ Kg8 45. Ne6 Kh7 46. g6+ Kh6 47. g7+ Kh5 48.
g8=Q  1/2-1/2

[Event "British Chess Championships 2023: First Blitz U1600"]
[Site "The Venue, De Montfort University, 20 Western Boulevard, Leicester, LE2 7BU"]
[Date "2023.07.20"]
[Round "3"]
[Board "3"]
[White "Riggs, Samuel"]
[Black "Ovens, James A"]
[Result "0-1"]
[WhiteElo "1425"]
[BlackElo "1234"]
[PlyCount "0"]
[EventDate "2023.07.20"]
[EventRounds "9"]
[EventCountry "ENG"]

1. e4 g6 2. d4 d6 3. Be3 Bg7 4. Nc3 e6 5. f4 a6 6. Nf3 Ne7 7. Bd3 b5 8. a3 Bb7 9.
O-O h6 10. Qe1 Nd7 11. Rd1 Rc8 12. Nh4 c5 13. dxc5 Nxc5 14. f5 exf5 15. exf5 g5 16.
f6 gxh4 17. fxg7 Rg8 18. Bxh6 Nxd3 19. Rxd3 Qb6+ 20. Be3 Qc6 21. Qf2 Rxg7 22. Bh6
Rxg2+ 23. Kh1 Rxf2+ 24. Kg1 Qh1+ 25. Kxf2 Qc6 26. Ke2 Qg2+ 27. Rf2 Qg4+ 28. Kd2 Qg6
29. Be3 Kd7 30. Ne4 Bxe4 31. Rd4 Nc6 32. Rf4 Qg2+ 33. Kc3 b4+ 34. axb4 Ne5+ 35. Kb3
Qg8  0-1

[Event "British Chess Championships 2023: First Blitz U1600"]
[Site "The Venue, De Montfort University, 20 Western Boulevard, Leicester, LE2 7BU"]
[Date "2023.07.20"]
[Round "3"]
[Board "4"]
[White "Ewart, Thomas"]
[Black "Ewart, Samuel"]
[Result "0-1"]
[WhiteElo "1293"]
[BlackElo "1086"]
[PlyCount "0"]
[EventDate "2023.07.20"]
[EventRounds "9"]
[EventCountry "ENG"]

1. d4 e6 2. Bf4 g6 3. Nf3 Bg7 4. e3 Nf6 5. c3 O-O 6. Bd3 d5 7. Qc2 Nbd7 8. Nbd2 b6
9. O-O-O c5 10. h4 a5 11. Bg5 h5 12. a4 c4 13. Be2 Rb8 14. Ne5 b5 15. Nc6 Qb6 16.
Nxb8 Qxb8 17. Bxf6 Bxf6 18. g4 bxa4 19. Qxa4 Nb6 20. Qxa5 Bg7 21. gxh5 gxh5 22. Bxh5
Bd7 23. Qb4 Qa7 24. Qa3 Qb7 25. Be2 Ra8 26. Qb4 Ra1+ 27. Kc2 Ba4+ 28. b3 Ra2+ 29.
Kb1 Bxb3 30. Nxb3 Rxe2 31. Nc5 Qa7 32. Na4 Nxa4 33. Qa3 Qb6+ 34. Qb4 Nxc3+ 35. Ka1
Qxb4 36. Rc1 Qb2#  0-1

[Event "British Chess Championships 2023: First Blitz U1600"]
[Site "The Venue, De Montfort University, 20 Western Boulevard, Leicester, LE2 7BU"]
[Date "2023.07.20"]
[Round "3"]
[Board "5"]
[White "Ryan, John"]
[Black "Patel, Diah"]
[Result "0-1"]
[WhiteElo "1425"]
[BlackElo "1406"]
[PlyCount "0"]
[EventDate "2023.07.20"]
[EventRounds "9"]
[EventCountry "ENG"]

1. d4 d5 2. Bf4 Nc6 3. Nf3 Nf6 4. e3 g6 5. c3 Bg7 6. Be2 O-O 7. O-O e6 8. Nbd2 b6
9. Bb5 Bb7 10. a3 a6 11. Be2 h6 12. Rc1 g5 13. Bg3 h5 14. Be5 g4 15. Bxf6 Qxf6 16.
Ne5 Nxe5 17. dxe5 Qxe5 18. g3 d4 19. f3 Qxe3+ 20. Kg2 d3 21. Nc4 dxe2 22. Nxe3 exd1=Q
23. Rfxd1 Bxf3+ 24. Kg1 Bxd1 25. Nc2  0-1

[Event "British Chess Championships 2023: First Blitz U1600"]
[Site "The Venue, De Montfort University, 20 Western Boulevard, Leicester, LE2 7BU"]
[Date "2023.07.20"]
[Round "4"]
[Board "1"]
[White "Boztas, Lana"]
[Black "Seet, Joshua"]
[Result "0-1"]
[WhiteElo "1478"]
[BlackElo "1569"]
[PlyCount "0"]
[EventDate "2023.07.20"]
[EventRounds "9"]
[EventCountry "ENG"]

1. c4 c6 2. Nc3 d5 3. cxd5 cxd5 4. d4 Nc6 5. e3 Nf6 6. Nf3 Bg4 7. g3 e6 8. Bg2 Bb4
9. O-O O-O 10. a3 Ba5 11. Bd2 Ne4 12. Qc1 Nxd2 13. Qxd2 Rc8 14. b4 Bc7 15. Rac1 Qf6
16. Ne1 Rfd8 17. h3 Bh5 18. g4 Bg6 19. Nf3 Bb6 20. Na4 Bc7 21. Nc5 b6 22. Nb3 e5
23. dxe5 Nxe5 24. Nxe5 Qxe5 25. Nd4 Qh2#  0-1

[Event "British Chess Championships 2023: First Blitz U1600"]
[Site "The Venue, De Montfort University, 20 Western Boulevard, Leicester, LE2 7BU"]
[Date "2023.07.20"]
[Round "4"]
[Board "2"]
[White "Adams, Andrew"]
[Black "Ovens, James A"]
[Result "1-0"]
[WhiteElo "1586"]
[BlackElo "1234"]
[PlyCount "0"]
[EventDate "2023.07.20"]
[EventRounds "9"]
[EventCountry "ENG"]

1. e4 g6 2. d4 d6 3. Nc3 Bg7 4. Nf3 a6 5. Be3 Bg4 6. h3 Bxf3 7. Qxf3 Nc6 8. Rd1 e5
9. d5 Nd4 10. Bxd4 exd4 11. Ne2 Ne7 12. Nxd4 O-O 13. Bc4 b5 14. Bb3 c5 15. dxc6 Rc8
16. Bd5 Qa5+ 17. c3 Rc7 18. O-O Nxd5 19. exd5 Bxd4 20. Rxd4 Qxa2 21. Qf6 Qxb2 22.
Qxd6 Rfc8 23. Re4 Qxc3 24. Rfe1 Qg7 25. Re8+ Rxe8 26. Rxe8+  1-0

[Event "British Chess Championships 2023: First Blitz U1600"]
[Site "The Venue, De Montfort University, 20 Western Boulevard, Leicester, LE2 7BU"]
[Date "2023.07.20"]
[Round "4"]
[Board "3"]
[White "Patel, Diah"]
[Black "Ewart, Samuel"]
[Result "1-0"]
[WhiteElo "1406"]
[BlackElo "1086"]
[PlyCount "0"]
[EventDate "2023.07.20"]
[EventRounds "9"]
[EventCountry "ENG"]

1. e4 e5 2. Nf3 d6 3. Nc3 Nc6 4. g3 g6 5. Bg2 Nf6 6. O-O Bg7 7. d3 O-O 8. Be3 Be6
9. h3 Qd7 10. g4 h6 11. Qd2 g5 12. Rad1 Bxg4 13. hxg4 Qxg4 14. Nh2 Qe6 15. d4 exd4
16. Bxd4 g4 17. Bxf6 Bxf6 18. Qxh6 Bxc3 19. Qxe6 fxe6 20. bxc3 Rf4 21. f3 g3 22.
Ng4 Kf7 23. Rfe1 a5 24. e5 dxe5 25. Nxe5+ Nxe5 26. Rxe5 Ra4 27. Rd7+ Kf6 28. Re2
Rxa2 29. Rxc7 b5 30. Rc6 Ra1+ 31. Bf1 a4 32. Rcxe6+ Kf7 33. Re7+ Kf6 34. R2e6+ Kf5
35. Kg2 Rg8 36. Bd3+ Kg5 37. c4 a3 38. Ra6 a2 39. cxb5 Rh8 40. b6 Kf4 41. Rh7 Rxh7
42. Bxh7 Kf5  1-0

[Event "British Chess Championships 2023: First Blitz U1600"]
[Site "The Venue, De Montfort University, 20 Western Boulevard, Leicester, LE2 7BU"]
[Date "2023.07.20"]
[Round "4"]
[Board "4"]
[White "Gelder, Stephanie"]
[Black "Clare, Philip"]
[Result "1-0"]
[WhiteElo "1441"]
[BlackElo "1502"]
[PlyCount "0"]
[EventDate "2023.07.20"]
[EventRounds "9"]
[EventCountry "ENG"]

1. d4 Nf6 2. Bf4 g6 3. h3 Bg7 4. e3 O-O 5. Nc3 d6 6. Nf3 b6 7. Bd3 Bb7 8. Qe2 a5
9. O-O-O e5 10. dxe5 dxe5 11. Bh2 Re8 12. Bb5 c6 13. Rxd8 Rxd8 14. Bc4 b5 15. Bd3
Nbd7 16. Ne4 Nxe4 17. Bxe4 Nc5 18. Bd3 e4 19. Rd1 exd3 20. cxd3 Na4 21. d4 c5 22.
Qxb5 Ba6 23. Qxa4 cxd4 24. Qxa5 Rdc8+ 25. Kd2 Bb7 26. Qb4 Be4 27. Rc1 Bf8 28. Rxc8
Rxc8 29. Qxd4 Rc2+ 30. Kd1 Bf5 31. e4 Rc6 32. exf5 Rd6 33. Bxd6 Bg7 34. f6 Bf8 35.
Bxf8  1-0

[Event "British Chess Championships 2023: First Blitz U1600"]
[Site "The Venue, De Montfort University, 20 Western Boulevard, Leicester, LE2 7BU"]
[Date "2023.07.20"]
[Round "4"]
[Board "5"]
[White "Ewart, Thomas"]
[Black "Riggs, Samuel"]
[Result "1-0"]
[WhiteElo "1293"]
[BlackElo "1425"]
[PlyCount "0"]
[EventDate "2023.07.20"]
[EventRounds "9"]
[EventCountry "ENG"]

1. d4 Nf6 2. c4 g6 3. Nf3 Bg7 4. g3 O-O 5. Bg2 d6 6. Nc3 c5 7. d5 e6 8. dxe6 Bxe6
9. O-O Nbd7 10. b3 a6 11. Nd2 Rb8 12. Bb2 b5 13. cxb5 axb5 14. Nde4 Nxe4 15. Bxe4
b4 16. Na4 Ne5 17. Bxe5 Bxe5 18. Rc1 d5 19. Bb1 Bd4 20. Nxc5 Rc8 21. Nxe6 Rxc1 22.
Qxc1 fxe6 23. e3 Bg7 24. Qc6 Qf6 25. Qb5 Rc8 26. Qxb4 Qb2 27. Qe1 e5 28. f4 exf4
29. exf4 Bd4+ 30. Kh1 Qa3 31. Qe6+ Kg7 32. Qxc8 Qa5 33. Qd7+ Kh6 34. f5 Qc3 35. fxg6
hxg6 36. Qd6 Qd2 37. Qxg6#  1-0

[Event "British Chess Championships 2023: First Blitz U1600"]
[Site "The Venue, De Montfort University, 20 Western Boulevard, Leicester, LE2 7BU"]
[Date "2023.07.20"]
[Round "5"]
[Board "1"]
[White "Seet, Joshua"]
[Black "Patel, Diah"]
[Result "1-0"]
[WhiteElo "1569"]
[BlackElo "1406"]
[PlyCount "0"]
[EventDate "2023.07.20"]
[EventRounds "9"]
[EventCountry "ENG"]

1. d4 d5 2. c4 e6 3. Nc3 Nf6 4. cxd5 exd5 5. Bg5 Nbd7 6. e3 Be7 7. Nf3 h6 8. Bh4
O-O 9. Bd3 c5 10. dxc5 Bxc5 11. Nxd5 Qa5+ 12. Nc3 Bb4 13. Qb3 Nc5 14. Qc2 Qb6 15.
O-O Nxd3 16. Qxd3 Be6 17. Bxf6 gxf6 18. Nd4 Bd7 19. Nd5 Qd6 20. Nf5 Bxf5 21. Qxf5
Qe5 22. Nxf6+ Kh8 23. Qh7#  1-0

[Event "British Chess Championships 2023: First Blitz U1600"]
[Site "The Venue, De Montfort University, 20 Western Boulevard, Leicester, LE2 7BU"]
[Date "2023.07.20"]
[Round "5"]
[Board "2"]
[White "Adams, Andrew"]
[Black "Boztas, Lana"]
[Result "1/2-1/2"]
[WhiteElo "1586"]
[BlackElo "1478"]
[PlyCount "0"]
[EventDate "2023.07.20"]
[EventRounds "9"]
[EventCountry "ENG"]

1. e4 c5 2. c3 Nc6 3. d4 cxd4 4. cxd4 d6 5. Nf3 g6 6. a3 Bg7 7. Be3 Nf6 8. Bd3 O-O
9. h3 a6 10. Nc3 Nd7 11. O-O e5 12. d5 Nd4 13. Bxd4 exd4 14. Ne2 Ne5 15. Nexd4 Nxf3+
16. Nxf3 Bxb2 17. Ra2 Bg7 18. Re1 b5 19. a4 Bd7 20. axb5 axb5 21. Rxa8 Qxa8 22. Qb3
Qa4 23. Rb1 Qxb3 24. Rxb3 Rb8 25. Ne1 b4 26. Nc2 Bc3 27. f3 Ba4 28. Rb1 Bxc2 29.
Bxc2 Ra8 30. Bb3 Ra1 31. Rxa1 Bxa1 32. Kf2 Kf8 33. Ke3 Ke7 34. g4 f6 35. f4 h6 36.
h4 Bc3 37. Ba4 Kd8 38. h5 gxh5 39. gxh5 Kc7 40. Kd3 Kb6 41. Bb3 Kc5 42. Bc4 Ba1 43.
Bb3 Bc3 44. Ba2 Ba1  1/2-1/2

[Event "British Chess Championships 2023: First Blitz U1600"]
[Site "The Venue, De Montfort University, 20 Western Boulevard, Leicester, LE2 7BU"]
[Date "2023.07.20"]
[Round "5"]
[Board "3"]
[White "Ewart, Samuel"]
[Black "Gelder, Stephanie"]
[Result "1/2-1/2"]
[WhiteElo "1086"]
[BlackElo "1441"]
[PlyCount "0"]
[EventDate "2023.07.20"]
[EventRounds "9"]
[EventCountry "ENG"]

1. d4 d5 2. c4 dxc4 3. e4 Nf6 4. Nc3 Bg4 5. Nf3 e6 6. Bxc4 Bb4 7. Bg5 h6 8. Bd2 Bxc3
9. Bxc3 Nxe4 10. Qd3 Nxc3 11. Qxc3 Nc6 12. Rd1 O-O 13. h3 Bf5 14. g4 Bh7 15. h4 Ne7
16. g5 h5 17. Bd3 Bxd3 18. Qxd3 Ng6 19. Ke2 Nf4+ 20. Kd2 Nxd3 21. Kxd3 c5 22. Ke2
cxd4 23. Rxd4 Qe7 24. Ne5 Rfd8 25. Rf4 f6 26. Ng6 Qc5 27. gxf6 Qb5+ 28. Kf3 Rd3+
29. Kg2 Qc6+ 30. Kh2 gxf6 31. Ne7+ Kg7 32. Nxc6 bxc6 33. Rg1+ Kf7 34. Rc4 Rc8 35.
b3 Rd2 36. Kg3 Rg8+ 37. Kh2 Rxf2+ 38. Kh1 Rxg1+ 39. Kxg1 Rxa2 40. Rxc6 Rb2 41. Rc7+
Kg6 42. Rxa7 Rxb3 43. Ra6 Re3 44. Kf2 Re5 45. Kf3 Kf5 46. Ra4 Rd5 47. Rf4+ Kg6 48.
Ke4 f5+ 49. Kf3 Kf6 50. Ke3 Re5+ 51. Kf3 Re1 52. Ra4 Rh1 53. Ke3 Rb1 54. Kd3 Rf1
55. Ke3 e5 56. Ra6+ Ke7 57. Ra7+ Kd6 58. Ra6+ Kd5 59. Ra5+ Kc4 60. Ra4+ Kb5 61. Ra3
f4+ 62. Ke4 Re1+ 63. Kf3 Kb4 64. Ra2 Rh1 65. Re2 Rxh4 66. Rxe5 Kc3 67. Re4 Rh3 68.
Kg2 Rg3+ 69. Kf2 Rg4 70. Kf3 Kd3 71. Rxf4 Rg6 72. Rh4 Rg5 73. Kf4 Ra5 74. Rh3+ Kd4
75. Rh4 Kd3 76. Rh3+ Ke2 77. Rh2+ Kf1 78. Rh1+ Kg2 79. Rh4 Ra4+ 80. Kg5 Ra5+ 81.
Kf4 Ra4+ 82. Kg5 Ra5+ 83. Kf4 Kf2 84. Rh3 Ke2 85. Rh2+ Kd3 86. Rh3+ Kd4 87. Rh4 Kc3
88. Rh3+ Kd2 89. Rh2+ Ke1 90. Rh1+ Kf2 91. Rh2+ Kg1 92. Rh4 Ra4+ 93. Kg5 Rxh4 94.
Kxh4  1/2-1/2

[Event "British Chess Championships 2023: First Blitz U1600"]
[Site "The Venue, De Montfort University, 20 Western Boulevard, Leicester, LE2 7BU"]
[Date "2023.07.20"]
[Round "5"]
[Board "4"]
[White "Ovens, James A"]
[Black "Ewart, Thomas"]
[Result "1-0"]
[WhiteElo "1234"]
[BlackElo "1293"]
[PlyCount "0"]
[EventDate "2023.07.20"]
[EventRounds "9"]
[EventCountry "ENG"]

1. b3 d5 2. e3 Nf6 3. Bb2 Nc6 4. Bb5 Bd7 5. Nc3 d4 6. exd4 Nxd4 7. Bxd7+ Qxd7 8.
Nf3 Nxf3+ 9. Qxf3 c6 10. O-O Qxd2 11. Rad1 Qxc2 12. Ba3 Qg6 13. h3 Qh5 14. Qd3 Qg6
15. Qd2 Ne4 16. Nxe4 Qxe4 17. Qd7#  1-0